Państwa, które pokonują Demokratyczną Republikę Konga - Statystyki

Ogólne statystyki
  • Ten quiz został rozwiązany 2 858 razy
    2 784 od ostatniego zresetowania
  • Średni wynik to 10 z 16
Statystyki odpowiedzi
Ranga Kategoria Państwo % Poprawnych
4 Najbardziej zaludnione państwo Afryki Nigeria | Etiopia | Egipt
99%
2 Największe państwo Afryki pod względem powierzchni Algieria
93%
8 Najczęściej zgadywane państwo afrykańskie w quizie "Państwa świata" Madagaskar | Republika Południowej Afryki | Maroko | Niger | Algieria | Kongo | Nigeria
88%
4 Najbardziej zaludnione państwo, które posiada literę R w swojej nazwie Rosja | Brazylia | Nigeria
87%
8 Największa liczba chrześcijan Stany Zjednoczone | Brazylia | Meksyk | Nigeria | Filipiny | Etiopia | Rosja
84%
5 (remis) Największa ilość państw graniczących Chiny | Rosja | Francja | Brazylia
74%
11 Największa liczba języków używanych Papua-Nowa Gwinea | Indonezja | Nigeria | Indie | Stany Zjednoczone | Chiny | Meksyk | Kamerun | Australia | Brazylia
71%
3 Największa powierzchnia w strefie międzyzwrotnikowej Brazylia | Australia
66%
6 Najkrótsza linia brzegowa *spośród państw, które taką mają Monako | Bośnia i Hercegowina | Tuvalu | Jordania | Nauru
66%
3 Afrykańskie państwo z najwyższą górą Kenia | Tanzania
63%
7 Państwo, które jest źródłem największej ilości uchodźców Syria | Wenezuela | Afganistan | Ukraina | Sudan Południowy | Mjanma
55%
4 Państwo z największym miastem na literę K *populacja liczona w granicach obszaru zurbanizowanego Egipt | Pakistan | Indie
49%
4 Państwo produkujące najwięcej diamentów (dane na rok 2021) Rosja | Botswana | Kanada
49%
2 Największa ilość zgonów w wyniku malarii (dane na rok 2020) Nigeria
38%
2 Najbardziej zaludnione państwo bez medalu olimpijskiego Bangladesz
34%
3 Państwo, które najpóźniej uzyskało niepodległość od Belgii Burundi | Rwanda
29%
Nie znaleziono quizów pasujących do podanych kryteriów
Rozkład punktacji
Procent ludzi z każdym wynikiem
Percentyl według liczby udzielonych odpowiedzi
Twoja historia wyników
Nie rozwiązałeś tego quizu od ostatniego zresetowania